00599nam a2200205Ia 450000500170000000800460001703700110006304000080007404000080008204000080009004100080009804100080010608400080011410000410012224501220016326000090028530000100029465000170030470000720032120260430150251.0008 250103s9999 xx 000 0 eng d aTheses aCRL beng ceng 2eng aeng qCRL aAnsari Zoha Au.; Goomer Sangeeta Gu. 0aFeasibility studies on microencapsulation of bioactive compounds extracted from potato peels (Agro- industrial waste) c2022 a217p. aHome Science aUniversity of Delhi. Faculty of Science. Department of Home Science